Biggest Cities in 2100 - Statistics

General Stats
  • This quiz has been taken 6 times
  • The average score is 56 of 100
Answer Stats
Country Answer % Correct
Egypt Cairo
100%
India Delhi
100%
Afghanistan Kabul
100%
Nigeria Lagos
100%
Philippines Manila
100%
Ethiopia Addis Ababa
80%
India Ahmedabad
80%
Iraq Baghdad
80%
Mali Bamako
80%
India Bengaluru
80%
Senegal Dakar
80%
Tanzania Dar es Salaam
80%
Bangladesh Dhaka
80%
Pakistan Karachi
80%
Sudan Khartoum
80%
D.R. Congo Kinshasa
80%
India Kolkata
80%
Pakistan Lahore
80%
Angola Luanda
80%
Mexico Mexico City
80%
India Mumbai
80%
Kenya Nairobi
80%
United States New York City
80%
Yemen Sana'a
80%
Japan Tokyo
80%
Ivory Coast Abidjan
60%
Nigeria Abuja
60%
Ghana Accra
60%
Syria Aleppo
60%
Egypt Alexandria
60%
Thailand Bangkok
60%
China Beijing
60%
Colombia Bogotá
60%
Argentina Buenos Aires
60%
India Chennai
60%
United States Chicago
60%
China Chongqing
60%
United States Dallas
60%
Cameroon Douala
60%
China Guangzhou
60%
Vietnam Hanoi
60%
Vietnam Ho Chi Minh City
60%
Nigeria Ibadan
60%
Turkey Istanbul
60%
Indonesia Jakarta
60%
Uganda Kampala
60%
Nigeria Kano
60%
Malawi Lilongwe
60%
Peru Lima
60%
United Kingdom London
60%
United States Los Angeles
60%
Zambia Lusaka
60%
Somalia Mogadishu
60%
Russia Moscow
60%
Chad N'Djamena
60%
Niger Niamey
60%
Japan Osaka
60%
France Paris
60%
India Pune
60%
Brazil Rio de Janeiro
60%
Brazil São Paulo
60%
China Shanghai
60%
Iran Tehran
60%
China Tianjin
60%
Canada Toronto
60%
China Wuhan
60%
Madagascar Antananarivo
40%
Malawi Blantyre
40%
Bangladesh Chittagong
40%
Guinea Conakry
40%
Egypt Giza
40%
China Hong Kong
40%
Rwanda Kigali
40%
D.R. Congo Lubumbashi
40%
India Lucknow
40%
Mozambique Maputo
40%
United States Miami
40%
Kenya Mombasa
40%
Iraq Mosul
40%
Burkina Faso Ouagadougou
40%
United States Philadelphia
40%
Cambodia Phnom Penh
40%
Nigeria Port Harcourt
40%
Saudi Arabia Riyadh
40%
China Shenzhen
40%
India Surat
40%
Mongolia Ulaanbaatar
40%
Myanmar Yangon
40%
Yemen Al Hudaydah
20%
Nigeria Benin City
20%
India Hyderabad
20%
India Kanpur
20%
Togo Lomé
20%
D.R. Congo Mbuji-Mayi
20%
India Nagpur
20%
India Patna
20%
Yemen Taiz
20%
Pakistan Faisalabad
0%
Nigeria Ilorin
0%
Nigeria Kaduna
0%
No matching quizzes found
Score Distribution
Percent of People with Each Score
Percentile by Number Answered
Your Score History
You have not taken this quiz